01278cam a22003133a 45000010005000000030006000050050017000110080041000280400015000690420007000840500009000911000035001002450066001352600029002015060030002305160020002606530055002806530041003356530076003766530066004526530069005186530061005876530065006486530049007136530062007626530071008248300028008958560041009233837PGUSA20140828083039.0030301s2003||||xxu|||||s|||||000 | eng d aPGUSAbeng adc 4aE4561 aAlcott, Louisa May,d1832-188810aHospital Sketchesh[electronic resource] /cLouisa May Alcott bProject Gutenberg,c2003 aPublic domain in the USA. aElectronic text aAlcott, Louisa May, 1832-1888 -- Career in nursing aNurses -- United States -- Biography aUnited States -- History -- Civil War, 1861-1865 -- Personal narratives aUnited States -- History -- Civil War, 1861-1865 -- Hospitals aUnited States -- History -- Civil War, 1861-1865 -- Medical care aGeorgetown (Washington, D.C.) -- History -- 19th century aMilitary nursing -- United States -- History -- 19th century aWashington (D.C.) -- History -- 19th century aUnited States -- History -- Civil War, 1861-1865 -- Women aMilitary hospitals -- Washington (D.C.) -- History -- 19th century 0aProject Gutenbergv383740uhttp://www.gutenberg.org/ebooks/3837